| 000 | 01660nam a22001577a 4500 | ||
|---|---|---|---|
| 003 | SGT | ||
| 020 | _a9789325982291 | ||
| 082 | _a658.15,PAN | ||
| 100 | _aPANDAY,I.M | ||
| 245 | _aFINANCIAL MANAGEMENT | ||
| 260 |
_aNEW DELHI _bVIKASH PUBLICATION _c2015 |
||
| 300 | _a909 | ||
| 650 | _aFINANCIAL MANAGEMENT | ||
| 653 | _aNATURE OF FINANCIAL MANAGEMENT • VALUE AND RETURN • VALUATION OF BONDS AND SHARES • RISK AND RETURN • PORTFOLIO THEORY AND ASSETS PRICING MODELS • BETA ESTIMATION AND THE COST OF EQUITY • OPTIONS AND THEIR VALUATION • CAPITAL BUDGETING DECISIONS • THE COST OF CAPITAL • CASH FLOWS FOR INVESTMENT ANALYSIS • COMPLEX INVESTMENT DECISIONS • RISK ANALYSIS IN CAPITAL BUDGETING • REAL OPTIONS, INVESTMENT STRATEGY AND PROCESS • FINANCIAL AND OPERATING LEVERAGE • CAPITAL STRUCTURE: THEORY AND POLICY • VALUATION AND FINANCING • DIVIDEND THEORY • DIVIDEND POLICY • CAPITAL MARKET EFFICIENCY AND CAPITAL MARKETS IN INDIA • LONG-TERM FINANCE: SHARES, DEBENTURES AND TERM LOANS • CONVERTIBLE DEBENTURES AND WARRANTS • ASSET-BASED FINANCING: LEASE, HIRE PURCHASE AND PROJECT FINANCING • VENTURE CAPITAL FINANCING • FINANCIAL STATEMENTS • FINANCIAL STATEMENT ANALYSIS • FINANCIAL PLANNING AND STRATEGY • PRINCIPLES OF WORKING CAPITAL MANAGEMENT • RECEIVABLES MANAGEMENT AND FACTORING • INVENTORY MANAGEMENT • CASH MANAGEMENT • WORKING CAPITAL FINANCE • CORPORATE RESTRUCTURING, MERGERS AND ACQUISITIONS • DERIVATIVES FOR MANAGING FINANCIAL RISK • INTERNATIONAL FINANCIAL MANAGEMENT • SHAREHOLDER VALUE AND CORPORATE GOVERNANCE • COMPREHENSIVE CASES • TABLES | ||
| 942 |
_2ddc _cFCM |
||
| 999 |
_c9031 _d9031 |
||